[Event "AUTO-OPEN-1495"]
[Site "http://www.queenalice.com/game.php?id=563886"]
[Date "2009.3.30"]
[Round "1"]
[White "INDIANAJONES"]
[Black "geraldo"]
[Result "1-0"]
[WhiteElo "1524"]
[BlackElo "1562"]

1. e4 e5 2. Nf3 Nc6 3. d4 exd4 4. Nxd4 Qh4 5. Nc3 Bc5 6. g3 Qf6 7. Nd5 Qxd4 8.
Qxd4 Bxd4 9. Nxc7+ Kd8 10. Nxa8 Nb4 11. Ke2 Be5 12. c3 Nc2 13. Rb1 Nf6 14. f3 d5
15. Bg5 Bd7 16. exd5 Re8 17. Kd3 h6 18. Bxf6+ Bxf6 19. g4 Ne3 20. Re1 Bb5+ 21.
Kd2 Nxf1+ 22. Rhxf1 Bg5+ 23. f4 Bxf1 24. Rxf1 Bh4 25. d6 Kd7 26. Nc7 Rd8 27. Nb5
Re8 28. a3 a6 29. Nd4 g6 30. f5 Kxd6 31. Nf3 Bg5+ 32. Nxg5 hxg5 33. fxg6 fxg6
34. Rf6+ Ke7 35. Rxg6 Rd8+ 36. Kc2 Kf7 37. Rxg5 Kf6 38. Rf5+ Kg6 39. c4 Re8 40.
h4 Re2+ 41. Kb3 Re4 42. Rg5+ Kf6 43. Rg8 Kf7 44. Rg5 Kf6 45. Rf5+ Kg7 46. c5 a5
47. Rd5 Kf7 48. Rd7+ Ke6 49. Rxb7 Rxg4 50. h5 Rh4 51. h6 Kd5 52. h7 Kxc5 53. a4
Kc6 54. Rb5 Rxh7 55. Rxa5 Rh3+ 56. Ka2 Kb6 57. Rb5+ Ka6 58. b3 Rh2+ 59. Ka3 Rh1
60. Kb4 Rh4+ 61. Ka3 Rh1 62. Rc5 Ra1+ 63. Kb4 Rh1 64. Rc6+ Kb7 65. Kb5 Ka7 66.
a5 Kb7 67. a6+ Ka7 68. Rc7+ Ka8 69. Kb6 Kb8 70. a7+ Ka8 71. Rc8# 1-0

[Event "AUTO-OPEN-1495"]
[Site "http://www.queenalice.com/game.php?id=563887"]
[Date "2009.3.30"]
[Round "1"]
[White "geraldo"]
[Black "INDIANAJONES"]
[Result "1-0"]
[WhiteElo "1525"]
[BlackElo "1545"]

1. e4 e5 2. Nf3 d6 3. Bc4 h6 4. h3 Nf6 5. d4 exd4 6. Nxd4 Nxe4 7. Qf3 d5 8. Nc3
dxc4 9. Qxe4+ Qe7 10. Qxe7+ Bxe7 11. Nd5 Na6 12. Nb5 Bd6 13. O-O O-O 14. Nxd6
cxd6 15. Ne7+ Kh7 16. Bf4 d5 17. Rfd1 Be6 18. a4 Rad8 19. g4 g6 20. g5 h5 21.
Be5 Rd7 22. Bf6 Bxh3 23. Nxd5 Re8 24. Bc3 Rxd5 25. Rxd5 Be6 26. Re1 Nc7 27. Rd6
Bf5 28. f4 Rxe1+ 29. Bxe1 Bxc2 30. Bc3 Ne6 31. Rd7 Nxf4 32. Rxf7+ Kg8 33. Rxf4
Bxa4 34. Rf6 Kh7 35. Rf7+ Kg8 36. Rg7+ Kf8 37. Rxb7 a6 38. Ra7 Bb5 39. Kf2 Kg8
40. Kg3 Kf8 41. Rg7 Be8 42. Rh7 Kg8 43. Rh8+ Kf7 44. Kf4 Bb5 45. Ke5 Kg7 46.
Ke6# 1-0

[Event "AUTO-OPEN-1495"]
[Site "http://www.queenalice.com/game.php?id=563890"]
[Date "2009.3.30"]
[Round "1"]
[White "INDIANAJONES"]
[Black "MusicMan"]
[Result "1-0"]
[WhiteElo "1299"]
[BlackElo "1521"]

1. e4 d5 2. exd5 Qxd5 3. Nc3 Qa5 4. d4 Bf5 5. Bd2 c6 6. Nf3 Qc7 7. Bc4 e6 8. Nh4
b5 9. Bb3 Bg6 10. Nxg6 fxg6 11. Bxe6 Nf6 12. Qf3 Qe7 13. O-O Qd8 14. Nxb5 cxb5
15. Qxa8 Be7 16. Qxa7 Nc6 17. Qb7 Nxd4 18. Bh3 O-O 19. Kh1 Nxc2 20. Rad1 b4 21.
Bxb4 Qe8 22. Bxe7 Rf7 23. Be6 h6 24. Rd8 Qxd8 25. Bxf7+ 1-0

[Event "AUTO-OPEN-1495"]
[Site "http://www.queenalice.com/game.php?id=563891"]
[Date "2009.3.30"]
[Round "1"]
[White "MusicMan"]
[Black "INDIANAJONES"]
[Result "0-1"]
[WhiteElo "1573"]
[BlackElo "1505"]

1. Nf3 d5 2. g3 Nf6 3. Bg2 c6 4. O-O Bf5 5. d3 e6 6. Ne5 Bd6 7. f4 Bxe5 8. fxe5
Nfd7 9. b3 Nxe5 10. h3 Nbd7 11. Bb2 O-O 12. Nd2 Qg5 13. d4 Ng6 14. e4 Bxe4 15.
Qe2 Bxc2 16. Bc1 Qe7 17. a4 a5 18. Bb2 Rfe8 19. Ba3 Qd8 20. Bf3 Qb6 21. Bd6
Qxd4+ 22. Kh2 Bd3 23. Qf2 Qxf2+ 24. Rxf2 e5 25. Bg4 Nf6 26. Be2 Bxe2 27. Rxe2 b6
28. Nf3 Ne4 29. Ba3 Rac8 30. Re3 f5 31. Bb2 d4 32. Re2 c5 33. Rae1 c4 34. bxc4
Rxc4 35. Nh4 Nxh4 36. gxh4 Rxa4 37. Ba1 Rc8 38. h5 Ra3 39. h4 h6 40. Rb2 Rc6 41.
Rbb1 Re3 42. Rxe3 dxe3 43. Bxe5 e2 44. Re1 Rc2 45. Kg2 a4 46. Kf3 a3 47. Rxe2
Rxe2 48. Kxe2 Kf7 49. Ke3 Nf6 50. Kf4 Ke6 51. Bd4 Nxh5+ 52. Kf3 b5 53. Bc5 a2
54. Bd4 b4 55. Bb2 Kd5 56. Ke2 Kc4 57. Kf3 Kb3 58. Be5 Kc2 59. Ke2 b3 0-1

[Event "AUTO-INT-1258"]
[Site "http://www.queenalice.com/game.php?id=565479"]
[Date "2009.4.2"]
[Round "1"]
[White "INDIANAJONES"]
[Black "clk"]
[Result "1-0"]
[WhiteElo "1544"]
[BlackElo "1739"]

1. e4 e5 2. Nf3 d6 3. d4 Be7 4. dxe5 dxe5 5. Qxd8+ Bxd8 6. Nxe5 Nf6 7. Nc3 O-O
8. Bc4 Be6 9. Bxe6 fxe6 10. O-O Nc6 11. Nxc6 bxc6 12. Re1 Ng4 13. f3 Ne5 14. b3
Bf6 15. Re3 Ng6 16. Bd2 Rad8 17. Rd3 Bd4+ 18. Be3 Ne5 19. Rxd4 Rxd4 20. Bxd4 Ng6
21. Bxa7 Rd8 22. Rd1 Ra8 23. Be3 Ne5 24. Bf4 Ra5 25. Rd8+ Kf7 26. Bxe5 Rxe5 27.
Rd7+ Kf8 28. Ne2 Ra5 29. a4 Ra7 30. Nd4 c5 31. Nxe6+ Ke8 32. Rxg7 Rb7 33. Rxh7
Rb4 34. Nxc5 Rd4 35. Rd7 Rxd7 36. Nxd7 Kxd7 37. h4 Ke6 38. a5 Kd6 39. h5 Kc6 40.
h6 1-0

[Event "AUTO-INT-1258"]
[Site "http://www.queenalice.com/game.php?id=565480"]
[Date "2009.4.2"]
[Round "1"]
[White "clk"]
[Black "INDIANAJONES"]
[Result "1-0"]
[WhiteElo "1756"]
[BlackElo "1555"]

1. e4 e5 2. Nf3 d6 3. Nc3 Nf6 4. d3 Be7 5. Be3 Ng4 6. Bd2 Nc6 7. h3 Nf6 8. Bg5
h6 9. Bxf6 Bxf6 10. Nd5 O-O 11. Qd2 Be6 12. O-O-O Bxd5 13. exd5 Ne7 14. Qa5 b6
15. Qb5 a6 16. Qc4 b5 17. Qe4 Ra7 18. Kb1 Qa8 19. c4 c6 20. dxc6 Nxc6 21. a3 b4
22. a4 Bd8 23. d4 exd4 24. Nxd4 Nxd4 25. Qxd4 Be7 26. Bd3 Rd7 27. Qg4 Rc7 28. b3
Rc5 29. Rhe1 Re5 30. Rxe5 dxe5 31. Qf5 g6 32. Qxe5 Re8 33. Be4 Qc8 34. Bd5 Bc5
35. Qf4 Qf5+ 36. Qxf5 gxf5 37. Rd2 Re1+ 38. Kc2 Rf1 39. f3 Rg1 40. a5 Ra1 41. g4
fxg4 42. fxg4 Rxa5 43. Kb2 Be3 44. Re2 Bd4+ 45. Kc2 Ra2+ 46. Kd3 Rxe2 47. Kxe2
Kg7 48. Kd3 Bb6 49. Ke4 Kg6 50. Bc6 Kg5 51. Kf3 Kh4 52. Kg2 a5 53. Be8 f6 54.
Bd7 h5 55. Bf5 a4 56. bxa4 hxg4 57. hxg4 b3 58. Kf3 b2 59. Kf4 Bc7+ 60. Kf3 Bb6
61. Kf4 Bc7+ 62. Kf3 Bb6 63. Ke2 b1=Q 64. Bxb1 Kxg4 65. Kd2 f5 66. Kc3 f4 67.
Kb4 f3 68. Bd3 f2 69. c5 Bc7 70. a5 Kf3 71. a6 Bb8 72. c6 Kg2 73. c7 Bxc7 74. a7
1-0

[Event "AUTO-INT-1258"]
[Site "http://www.queenalice.com/game.php?id=565481"]
[Date "2009.4.2"]
[Round "1"]
[White "INDIANAJONES"]
[Black "CampbellMarcel"]
[Result "0-1"]
[WhiteElo "1479"]
[BlackElo "1744"]

1. e4 d5 2. exd5 Nf6 3. c4 e6 4. dxe6 Bxe6 5. Nf3 Bc5 6. d4 Bb4+ 7. Nc3 O-O 8.
Bd2 Re8 9. Be2 Bxc4 10. Be3 Bxe2 11. Kxe2 Ng4 12. Qd3 Nxe3 13. fxe3 Nc6 14. a3
Ba5 15. Kf2 Qf6 16. b4 Bb6 17. Nd5 Qh6 18. Nxb6 axb6 19. Rhc1 Rad8 20. b5 Ne7
21. Rxc7 Nd5 22. Rxb7 Nxe3 23. Ne5 Qf4+ 24. Ke2 Rxe5 25. Qd2 Nc4+ 26. dxe5 Rxd2+
0-1

[Event "AUTO-INT-1258"]
[Site "http://www.queenalice.com/game.php?id=565482"]
[Date "2009.4.2"]
[Round "1"]
[White "CampbellMarcel"]
[Black "INDIANAJONES"]
[Result "0-1"]
[WhiteElo "1711"]
[BlackElo "1388"]

1. e4 e5 2. Nf3 d6 3. Bc4 Be7 4. d4 exd4 5. Qxd4 Bf6 6. Qd1 Nc6 7. O-O Bg4 8. h3
Bh5 9. g4 Bg6 10. Re1 Be7 11. Nc3 Nf6 12. Bg5 O-O 13. a3 h6 14. Bh4 Re8 15. Nd5
Nxd5 16. exd5 Bxh4 17. Rxe8+ Qxe8 18. dxc6 Qxc6 19. Nxh4 Qxc4 20. b3 Qxc2 21.
Nxg6 Qxd1+ 22. Rxd1 fxg6 23. Re1 Kf7 0-1

[Event "AUTO-INT-1258"]
[Site "http://www.queenalice.com/game.php?id=565483"]
[Date "2009.4.2"]
[Round "1"]
[White "INDIANAJONES"]
[Black "sergio_damian"]
[Result "0-1"]
[WhiteElo "1568"]
[BlackElo "1747"]

1. e4 e5 2. Nf3 Nc6 3. d4 exd4 4. Nxd4 d6 5. Nc3 Nf6 6. Be2 Be7 7. Be3 d5 8.
Nxc6 bxc6 9. exd5 cxd5 10. Bf4 a6 11. Bf3 c6 12. O-O O-O 13. Re1 Bb4 14. Bd2 Be6
15. a3 Bc5 16. Qe2 Re8 17. Qd3 Qb8 18. b4 Bb6 19. Bg5 Nd7 20. Bd1 Qa7 21. Qg3
Bc7 22. Bf4 Bxf4 23. Qxf4 h6 24. Bf3 Nf6 25. Qe3 Qd7 0-1

[Event "AUTO-INT-1258"]
[Site "http://www.queenalice.com/game.php?id=565484"]
[Date "2009.4.2"]
[Round "1"]
[White "sergio_damian"]
[Black "INDIANAJONES"]
[Result "1-0"]
[WhiteElo "1737"]
[BlackElo "1584"]

1. e4 e5 2. Nf3 d6 3. Bc4 Bg4 4. h3 Bh5 5. Nc3 Nf6 6. d3 h6 7. O-O Be7 8. Qe2
Nc6 9. a3 O-O 10. Qe3 Bxf3 11. Qxf3 Nd4 12. Qd1 a6 13. Ne2 Nc6 14. Ng3 Na5 15.
Ba2 Qd7 16. Nf5 Rfe8 17. Bd2 Nc6 18. Nxe7+ Qxe7 19. f4 Rad8 20. f5 d5 21. c3
dxe4 22. d4 exd4 23. cxd4 Rxd4 24. Qe2 Qc5 25. Kh1 Qc2 26. Rad1 Red8 27. Bb1
Rxd2 28. Rxd2 Rxd2 29. Qe3 Re2 30. Qg3 Qxb2 31. Bd3 1-0

[Event "Challenge"]
[Site "http://www.queenalice.com/game.php?id=575401"]
[Date "2009.4.21"]
[Round "-"]
[White "Tuarek"]
[Black "INDIANAJONES"]
[Result "0-1"]
[WhiteElo "1500"]
[BlackElo "1465"]

1. Nc3 e6 2. e4 d5 3. exd5 e5 4. Nf3 Bg4 5. Be2 Nf6 6. Nxe5 Bxe2 7. Qxe2 Bb4 8.
Qc4 Bxc3 9. dxc3 Nbd7 10. O-O Nxe5 11. Qg4 Nfxg4 12. f3 Nf6 13. Be3 Qxd5 14. Bg5
O-O 15. Be3 Rfe8 16. Rfd1 Nxf3+ 17. gxf3 Qxf3 18. Rf1 Qxe3+ 0-1

[Event "Challenge"]
[Site "http://www.queenalice.com/game.php?id=579320"]
[Date "2009.4.28"]
[Round "-"]
[White "jcmobregon"]
[Black "INDIANAJONES"]
[Result "1-0"]
[WhiteElo "2325"]
[BlackElo "1544"]

1. d4 d5 2. Nf3 Nf6 3. c4 c6 4. Nc3 e6 5. e3 Nbd7 6. Bd3 Be7 7. O-O O-O 8. Qc2
dxc4 9. Bxc4 a6 10. a4 Re8 11. b3 Bd6 12. e4 e5 13. Bg5 exd4 14. Nxd4 Be5 15.
Nf3 Bxc3 16. Qxc3 Nxe4 17. Bxf7+ Kh8 18. Bxd8 Nxc3 19. Bxe8 Nf6 20. Rfe1 Bg4 21.
Bxf6 gxf6 22. h3 Bxf3 23. gxf3 Nd5 24. Bf7 Nf4 25. Kh2 Nd3 26. Re8+ Rxe8 27.
Bxe8 Nxf2 28. Kg3 Nd3 29. Rd1 Nc5 30. b4 Nxa4 31. Rd7 1-0

[Event "Challenge"]
[Site "http://www.queenalice.com/game.php?id=579322"]
[Date "2009.4.28"]
[Round "-"]
[White "INDIANAJONES"]
[Black "jcmobregon"]
[Result "0-1"]
[WhiteElo "1544"]
[BlackElo "2327"]

1. e4 c5 2. Nf3 Nf6 3. Nc3 d6 4. d4 cxd4 5. Nxd4 g6 6. Bg5 Bg7 7. Qd2 h6 8. Bh4
Nc6 9. Bb5 Bd7 10. O-O-O a6 11. Nxc6 bxc6 12. Bc4 Qa5 13. a3 Rb8 14. Qd3 O-O 15.
Rhe1 Rfd8 16. Bxa6 Rb6 17. Bc4 Rdb8 18. Kd2 Rxb2 19. Rb1 Rxb1 20. Rxb1 Rxb1 0-1

[Event "Challenge"]
[Site "http://www.queenalice.com/game.php?id=590367"]
[Date "2009.5.18"]
[Round "-"]
[White "gutti_metal"]
[Black "INDIANAJONES"]
[Result "0-1"]
[WhiteElo "1106"]
[BlackElo "1555"]

1. e4 e5 2. Nf3 d6 3. Nc3 Nf6 4. d4 exd4 5. Qxd4 Nc6 6. Qc4 h6 7. Qa4 Bd7 8. Bb5
a6 9. Bxc6 Bxc6 10. Qc4 Qd7 11. O-O O-O-O 0-1

[Event "AUTO-OPEN-1495"]
[Site "http://www.queenalice.com/game.php?id=644294"]
[Date "2009.8.29"]
[Round "2"]
[White "markus765432"]
[Black "INDIANAJONES"]
[Result "1-0"]
[WhiteElo "2114"]
[BlackElo "1572"]

1. d4 d5 2. c4 e6 3. Nc3 Nf6 4. Bg5 Be7 5. e3 Nc6 6. Nf3 O-O 7. a3 h6 8. Bh4
dxc4 9. Bxc4 a6 10. b4 b5 11. Be2 Nd7 12. Bg3 Bf6 13. Rc1 Bb7 14. O-O Re8 15.
Qb3 Ne7 16. Nxb5 axb5 17. Bxc7 Qc8 18. Bxb5 Nd5 19. Bg3 Qd8 20. e4 Nc7 21. Rxc7
Bxe4 22. Rxd7 Qb8 23. Bxb8 Raxb8 24. a4 Bxf3 25. Qxf3 Rf8 26. Rc1 Bg5 27. Rcc7
Bf6 28. Rc5 Ra8 29. a5 1-0

[Event "AUTO-OPEN-1495"]
[Site "http://www.queenalice.com/game.php?id=644295"]
[Date "2009.8.29"]
[Round "2"]
[White "INDIANAJONES"]
[Black "markus765432"]
[Result "0-1"]
[WhiteElo "1572"]
[BlackElo "2078"]

1. e4 d5 2. exd5 Nf6 3. c4 c6 4. dxc6 Nxc6 5. Nf3 e5 6. Qe2 Bc5 7. d3 O-O 8. Qc2
Ng4 9. Ng5 Bxf2+ 10. Kd1 Be3 11. Ne4 f5 12. Be2 fxe4 13. Bxg4 Bxg4+ 14. Ke1 Bf2+
15. Kf1 Nd4 16. Qc3 Be2# 0-1

[Event "Challenge"]
[Site "http://www.queenalice.com/game.php?id=953290"]
[Date "2011.6.23"]
[Round "-"]
[White "INDIANAJONES"]
[Black "black13"]
[Result "0-1"]
[WhiteElo "1568"]
[BlackElo "1880"]

1. Nf3 d5 2. d4 Bg4 3. h3 Bxf3 4. gxf3 Nc6 5. e3 e5 6. dxe5 Nxe5 7. f4 Nc6 8.
Be2 Nf6 9. Nc3 Bb4 10. Bd2 O-O 11. a3 Bc5 12. Na4 Bd6 13. O-O Ne4 14. f3 Nxd2
15. Qxd2 Be7 16. f5 Bh4 17. f4 Qd7 18. Bg4 Ne7 19. Rfd1 Qxa4 20. Qd3 Bf6 21. b3
Qc6 0-1

[Event "Challenge"]
[Site "http://www.queenalice.com/game.php?id=953293"]
[Date "2011.6.23"]
[Round "-"]
[White "black13"]
[Black "INDIANAJONES"]
[Result "1-0"]
[WhiteElo "1876"]
[BlackElo "1572"]

1. d4 d5 2. Nc3 Nf6 3. Nf3 Nc6 4. Bg5 e6 5. e3 Bb4 6. Qd2 O-O 7. a3 Ba5 8. b4
Bb6 9. Na4 h6 10. Bh4 Bd7 11. Nxb6 axb6 12. Bd3 g5 13. Bg3 Re8 14. h3 Nh5 15.
Ne5 Nxe5 16. Bxe5 b5 17. Qe2 c6 18. Qxh5 f6 19. Qg6+ Kf8 20. Qxh6+ Ke7 21. Qxf6#
1-0